Turkey at the crossroads
Guardado en:
| Formato: | Libro |
|---|---|
| Lenguaje: | inglés |
| Publicado: |
Washington, D.C.
IMF
2005
|
| Colección: | Occasional paper
242 |
| Materias: | |
| Etiquetas: |
Sin Etiquetas, Sea el primero en etiquetar este registro!
|
MARC
| LEADER | 00000nam$a2200000$$$4500 | ||
|---|---|---|---|
| 001 | 0037738 | ||
| 005 | 20240315115744.5 | ||
| 020 | |a 1-58906-386-4 | ||
| 041 | 0 | |a eng | |
| 044 | |a US | ||
| 245 | 1 | 0 | |a Turkey at the crossroads |c prepared by a team led by Reza Moghadam |
| 264 | 1 | |a Washington, D.C. |b IMF |c 2005 | |
| 300 | |a vii, 75 s. | ||
| 490 | 1 | |a Occasional paper |v 242 | |
| 830 | 0 | |a Occasional paper |v 242 | |
| 610 | 2 | 0 | |a Turecko |
| 610 | 2 | 0 | |a situácia hospodárska |
| 610 | 2 | 0 | |a rast hospodársky |
| 610 | 2 | 0 | |a inflácia |
| 610 | 2 | 0 | |a kríza hospodárska |
| 610 | 2 | 0 | |a bilancia ekonomická |
| 610 | 2 | 0 | |a zadlženosť |
| 610 | 2 | 0 | |a dlhy verejné |
| 610 | 2 | 0 | |a politika fiškálna |
| 610 | 2 | 0 | |a politika menová |
| 610 | 2 | 0 | |a reštrukturalizácia |
| 610 | 2 | 0 | |a sústava banková |
| 610 | 2 | 0 | |a sústava finančná |
| 610 | 2 | 0 | |a trh práce |